000 00874 a2200253 4500
005 20251222150708.0
008 251222b |||||||| |||| 00| 0 eng d
020 _a9783031355608 (pbk)
037 _cTB
040 _aCRL
_cCRL
041 _2eng
_aeng
084 _aR4 R3
_qCRL
100 _aPihlstrom, Sami
_9822136
245 _aCritical distance:
_bethical and literary engagements with detachment isolation and otherness
260 _aCham, Switzerland:
_bSpringer,
_c2023.
300 _aviii, 105p.
365 _b54.99
_cEURO
490 _aSpringer briefs in philosophy
650 _aPhilosophy
_9858676
650 _aEthics
_9858677
700 _aKivisto, Sari
_eauthor.
_9858678
942 _cTB
_2CC
_n0
_hR4 R3
999 _c1435913
_d1435913